<?xml version="1.0" encoding="UTF-8"?>
<record
    xmlns:xsi="http://www.w3.org/2001/XMLSchema-instance"
    xsi:schemaLocation="http://www.loc.gov/MARC21/slim http://www.loc.gov/standards/marcxml/schema/MARC21slim.xsd"
    xmlns="http://www.loc.gov/MARC21/slim">

  <leader>04692nam a2200397 a 4500</leader>
  <controlfield tag="001">ebr10469292</controlfield>
  <controlfield tag="003">CaPaEBR</controlfield>
  <controlfield tag="006">m        u        </controlfield>
  <controlfield tag="007">cr cn|||||||||</controlfield>
  <controlfield tag="008">100820s2011    ilua    sb    001 0 eng d</controlfield>
  <datafield tag="010" ind1=" " ind2=" ">
    <subfield code="z">  2010034317</subfield>
  </datafield>
  <datafield tag="020" ind1=" " ind2=" ">
    <subfield code="z">9780838910757 (alk. paper)</subfield>
  </datafield>
  <datafield tag="020" ind1=" " ind2=" ">
    <subfield code="z">9780838992197</subfield>
  </datafield>
  <datafield tag="020" ind1=" " ind2=" ">
    <subfield code="z">9780838992197 (e-book)</subfield>
  </datafield>
  <datafield tag="040" ind1=" " ind2=" ">
    <subfield code="a">CaPaEBR</subfield>
    <subfield code="c">CaPaEBR</subfield>
  </datafield>
  <datafield tag="035" ind1=" " ind2=" ">
    <subfield code="a">(OCoLC)712047616</subfield>
  </datafield>
  <datafield tag="043" ind1=" " ind2=" ">
    <subfield code="a">n-us---</subfield>
  </datafield>
  <datafield tag="050" ind1="1" ind2="4">
    <subfield code="a">Z683.2.U6</subfield>
    <subfield code="b">F73 2011eb</subfield>
  </datafield>
  <datafield tag="082" ind1="0" ind2="4">
    <subfield code="a">025.1/10973</subfield>
    <subfield code="2">22</subfield>
  </datafield>
  <datafield tag="245" ind1="0" ind2="4">
    <subfield code="a">The frugal librarian</subfield>
    <subfield code="h">[electronic resource] :</subfield>
    <subfield code="b">thriving in tough economic times /</subfield>
    <subfield code="c">edited by Carol Smallwood.</subfield>
  </datafield>
  <datafield tag="260" ind1=" " ind2=" ">
    <subfield code="a">Chicago :</subfield>
    <subfield code="b">American Library Association,</subfield>
    <subfield code="c">2011.</subfield>
  </datafield>
  <datafield tag="300" ind1=" " ind2=" ">
    <subfield code="a">xi, 277 p. :</subfield>
    <subfield code="b">ill.</subfield>
  </datafield>
  <datafield tag="504" ind1=" " ind2=" ">
    <subfield code="a">Includes bibliographical references and index.</subfield>
  </datafield>
  <datafield tag="505" ind1="0" ind2=" ">
    <subfield code="a">Knowledge based job hunting and interview preparation / Michael A. Germano -- James C. Jernigan Library, Foundation Center Cooperating Collection, Office of Sponsored Research and Federal Government Grants / Victoria Lynn Packard -- Start your job search here / Jason Kuhl -- Entrepreneurs in the library : how an entrepreneurial spirit expanded the patron base and elevated its political standing / James Lund -- Laid off? : here's one way to land on your feet / J. James Mancuso -- Low &amp; no cost development opportunities for librarians / Colleen S. Harris -- Online resources in Michigan : a school librarian survives hard times / Margaret Lincoln -- Grant proposals for the working librarian : from idea to implementation / Lois Stickell and Lisa Nickel -- Tips for how to write grants for diverse populations / Vandella Brown -- Creating and sustaining community focused programs / Wayne Finley and Joanna Kluever -- Nothing to lose : creative programming for the frugal librarian / Lisa A. Forrest -- Increasing resources in tough times : a new funding model for the Purdue University career wiki / George Bergstrom and Mary Dugan -- Innovating and saving with joint-use libraries / Emily Dill -- Multi-type regional library member responses to the economic crisis / Tom Taylor -- Museum passes : a low-cost, high-impact partnership / Rebecca Tuck and Lisa Fraser -- Saving by sharing : using open source and shared catalogs to do more with less / John Helling -- Bringing the outside back in : creative and cost-effective outreach strategies / Kacy Vega and Kim Becnel -- Cost factors in digital projects : a model useful in other applications / Lisa L. Crane -- Data-driven cancellation decisions / Leslie Farison -- Green it saves money, saves resources / Sarah Passonneau -- Managing staff stress during budget crises : lessons for library managers / Colleen S. Harris and Mary Chimato -- Student assistants : maximize effectiveness through coordinated training / Ken Johnson and Sue Hisle -- Bidding service contracts in public libraries / Tom Cooper -- Digital projects on a shoestring / Emily Asch -- Developing partnerships for added value / Aline Soules and Sarah Nielsen -- Organizing in the streets and in the stacks : a grassroots movement saves neighborhood libraries in Providence, Rhode Island / Edgar C. Bailey, Jr -- Turning gifts and discards into gold / Robert Holley -- A small school library meets the economic challenge / Colleen Driscoll -- Leveraging internal resources to temporarily fill library staff shortages / Marwin Britto -- Making good by making do : using student staff to drive library technology innovation in tough economic times / Gwen Evans -- Tiered staffing for technical services, or, How to make the best of a budget in distress / Mary S. Laskowski and Fang Huang Gao -- We're all in this together : solutions for creative staffing / Heidi Blackburn and Erin Davis -- Building sustainable technology literacy professional development opportunities for faculty on a limited budget / Marwin Britto -- $40 a day or attending library conferences on the cheap / Regina Koury.</subfield>
  </datafield>
  <datafield tag="533" ind1=" " ind2=" ">
    <subfield code="a">Electronic reproduction.</subfield>
    <subfield code="b">Palo Alto, Calif. :</subfield>
    <subfield code="c">ebrary,</subfield>
    <subfield code="d">2011.</subfield>
    <subfield code="n">Available via World Wide Web.</subfield>
    <subfield code="n">Access may be limited to ebrary affiliated libraries.</subfield>
  </datafield>
  <datafield tag="650" ind1=" " ind2="0">
    <subfield code="a">Library finance</subfield>
    <subfield code="z">United States.</subfield>
  </datafield>
  <datafield tag="650" ind1=" " ind2="0">
    <subfield code="a">Libraries</subfield>
    <subfield code="z">United States</subfield>
    <subfield code="x">Cost control.</subfield>
  </datafield>
  <datafield tag="650" ind1=" " ind2="0">
    <subfield code="a">Libraries</subfield>
    <subfield code="x">Economic aspects</subfield>
    <subfield code="z">United States.</subfield>
  </datafield>
  <datafield tag="650" ind1=" " ind2="0">
    <subfield code="a">Library science</subfield>
    <subfield code="x">Economic aspects</subfield>
    <subfield code="z">United States.</subfield>
  </datafield>
  <datafield tag="650" ind1=" " ind2="0">
    <subfield code="a">Libraries and community</subfield>
    <subfield code="z">United States.</subfield>
  </datafield>
  <datafield tag="650" ind1=" " ind2="0">
    <subfield code="a">Libraries</subfield>
    <subfield code="z">United States</subfield>
    <subfield code="v">Case studies.</subfield>
  </datafield>
  <datafield tag="655" ind1=" " ind2="7">
    <subfield code="a">Electronic books.</subfield>
    <subfield code="2">local</subfield>
  </datafield>
  <datafield tag="700" ind1="1" ind2=" ">
    <subfield code="a">Smallwood, Carol,</subfield>
    <subfield code="d">1939-</subfield>
  </datafield>
  <datafield tag="710" ind1="2" ind2=" ">
    <subfield code="a">ebrary, Inc.</subfield>
  </datafield>
  <datafield tag="856" ind1="4" ind2="0">
    <subfield code="u">http://site.ebrary.com/lib/rucke/Doc?id=10469292</subfield>
    <subfield code="z">An electronic book accessible through the World Wide Web; click to view</subfield>
  </datafield>
  <datafield tag="999" ind1=" " ind2=" ">
    <subfield code="c">131690</subfield>
    <subfield code="d">131690</subfield>
  </datafield>
</record>
